Theory of linear active networks
Salvato in:
| Autori principali: | , |
|---|---|
| Natura: | Libro |
| Lingua: | inglese |
| Pubblicazione: |
San Francisco
Holden-Day
1967
|
| Serie: | Holden-day Series in Information Systems
|
| Soggetti: | |
| Tags: |
Aggiungi Tag
Nessun Tag, puoi essere il primo ad aggiungerne!!
|
MARC
| LEADER | 00000nam a2200000 a 4500 | ||
|---|---|---|---|
| 001 | UCU5228 | ||
| 003 | CL-VaPUC | ||
| 008 | 960531e19670000US |||||||||||||||||eng|d | ||
| 082 | 0 | 4 | |a 621.319 |b KUH |2 21 |
| 100 | |a Kuh, Ernest S |e author |9 363127 | ||
| 700 | 0 | |a Rohrer, R. A |e author |9 363128 | |
| 245 | 1 | 0 | |a Theory of linear active networks |
| 300 | |a 650 p | ||
| 942 | |c BK | ||
| 945 | |d 19960531 00:00:00 |a lriquelm | ||
| 260 | |a San Francisco |b Holden-Day |c 1967 | ||
| 650 | 0 | |a Electricidad |9 260222 | |
| 650 | 0 | |a Circuitos eléctricos |9 260262 | |
| 650 | 0 | |a Conductores eléctricos |9 263132 | |
| 650 | 0 | |a Circuitos electrónicos |9 260204 | |
| 583 | |a last modification |c 19960531 00:00:00 |k Rodrigo Vera | ||
| 490 | 0 | |a Holden-day Series in Information Systems | |
| 999 | |c 248658 |d 248656 | ||
| 952 | |0 0 |1 0 |4 0 |6 621_319000000000000_KUH_1967 |7 0 |8 A |9 265442 |a BIBING |b BIBING |d 2019-11-19 |i 1669834 |o 621.319 KUH 1967 |p 1669834 |r 2025-01-20 |w 2019-11-19 |y BK |k EIE | ||